[Event "Madrid-chT 2021"]
[Site "Madrid"]
[Date "2021.04.25"]
[Round "9.2"]
[White "San Emeterio Cabanes, Jose Luis"]
[Black "Almagro Llamas, Pablo"]
[Result "1-0"]
[WhiteElo "2290"]
[BlackElo "2429"]
[PlyCount "129"]
[EventDate "2021.01.24"]
[EventType "team-tourn"]
[EventRounds "14"]
[EventCountry "ESP"]
[SourceTitle "Ajedrez en Madrid"]
[Source "lmi"]
[SourceDate "2021.01.23"]
[SourceVersion "1"]
[SourceVersionDate "2021.06.08"]
[SourceQuality "1"]
[WhiteTeam "San Sebastian de los Reyes"]
[BlackTeam "Virgen de Atocha"]
[WhiteTeamCountry "ESP"]
[BlackTeamCountry "ESP"]

1. b3 e5 2. Bb2 Nc6 3. e3 Nf6 4. c4 Bd6 5. Nc3 O-O 6. Nge2 Re8 7. g3 Bf8 8. Bg2
d5 9. Nxd5 Nxd5 10. cxd5 Nb4 11. O-O Nxd5 12. a3 c5 13. Qc2 Nf6 14. f4 Bd6 15.
Nc3 exf4 16. Ne4 Nxe4 17. Bxe4 Rxe4 18. Qxe4 fxg3 19. Rxf7 gxh2+ 20. Kh1 Kxf7
21. Rf1+ Kg8 22. Qd5+ Kh8 23. Rf7 Qf8 24. Rxf8+ Bxf8 25. Qd8 Kg8 26. Be5 Kf7
27. Kxh2 h6 28. d4 cxd4 29. exd4 Be7 30. Qd5+ Be6 31. Qf3+ Kg8 32. d5 Bd7 33.
d6 Bc6 34. Qg4 Bf8 35. Qe6+ Kh7 36. d7 Rd8 37. Qf7 a6 38. a4 Rxd7 39. Qxf8 Kg6
40. Bb2 Rf7 41. Qd6+ Kh7 42. Qd3+ Kg8 43. Qg6 Rf2+ 44. Kg1 Rf7 45. Be5 Re7 46.
Bg3 Be8 47. Qd6 Kf7 48. Be5 Rd7 49. Qb6 Re7 50. Bd6 Rd7 51. Kf2 Kg8 52. Ke3 Kh7
53. Qd4 Bf7 54. Qe4+ Kg8 55. Qb4 Bd5 56. Kd4 Be6 57. Kc5 Rf7 58. Kb6 Rf3 59.
Ka7 Rxb3 60. Qe4 Bf7 61. Qg4 Kh7 62. Be5 g5 63. Qf5+ Kg8 64. Qc8+ Kh7 65. Qf8
1-0

[Event "Madrid-chT 2021"]
[Site "Madrid"]
[Date "2021.04.25"]
[Round "9.3"]
[White "Rubio Mejia, Luis Ignacio"]
[Black "Martinez Fernandez, Raul"]
[Result "1-0"]
[WhiteElo "2392"]
[BlackElo "2170"]
[PlyCount "67"]
[EventDate "2021.01.24"]
[EventType "team-tourn"]
[EventRounds "14"]
[EventCountry "ESP"]
[SourceTitle "Ajedrez en Madrid"]
[Source "lmi"]
[SourceDate "2021.01.23"]
[SourceVersion "1"]
[SourceVersionDate "2021.06.08"]
[SourceQuality "1"]
[WhiteTeam "Virgen de Atocha"]
[BlackTeam "San Sebastian de los Reyes"]
[WhiteTeamCountry "ESP"]
[BlackTeamCountry "ESP"]

1. c4 c6 2. Nf3 d5 3. e3 Nf6 4. Nc3 e6 5. b3 Nbd7 6. Qc2 Bd6 7. Bb2 O-O 8. Rg1
e5 9. g4 d4 10. exd4 exd4 11. Nxd4 Bxh2 12. Rh1 Ne5 13. O-O-O Nexg4 14. f3 Nf2
15. Rxh2 Nxd1 16. Nxd1 Qd6 17. Rh1 Qf4 18. Ne3 h6 19. Ndf5 Bxf5 20. Qxf5 Qxf5
21. Nxf5 Rfe8 22. Bd3 Re6 23. Rg1 g6 24. Nxh6+ Kf8 25. Ng4 Nxg4 26. fxg4 Rd8
27. Kc2 b6 28. g5 Red6 29. Rg3 Ke8 30. Bf6 Rc8 31. Re3+ Re6 32. Rxe6+ fxe6 33.
Bxg6+ Kd7 34. Bf7 1-0

[Event "Madrid-chT 2021"]
[Site "Madrid"]
[Date "2021.04.25"]
[Round "9.4"]
[White "Alfaya Marcelo, Roberto"]
[Black "Vallejo Diaz, Jesus"]
[Result "1-0"]
[WhiteElo "2186"]
[BlackElo "2244"]
[PlyCount "63"]
[EventDate "2021.01.24"]
[EventType "team-tourn"]
[EventRounds "14"]
[EventCountry "ESP"]
[SourceTitle "Ajedrez en Madrid"]
[Source "lmi"]
[SourceDate "2021.01.23"]
[SourceVersion "1"]
[SourceVersionDate "2021.06.08"]
[SourceQuality "1"]
[WhiteTeam "San Sebastian de los Reyes"]
[BlackTeam "Virgen de Atocha"]
[WhiteTeamCountry "ESP"]
[BlackTeamCountry "ESP"]

1. c4 e5 2. Nc3 d6 3. g3 f5 4. Bg2 Nf6 5. e3 Be7 6. Nge2 O-O 7. d4 c6 8. b3 Be6
9. O-O Bf7 10. d5 c5 11. e4 fxe4 12. Nxe4 Nxe4 13. Bxe4 Bh5 14. Qd3 h6 15. Nc3
Bg5 16. Bb2 Nd7 17. Rae1 Bg4 18. Kg2 Nf6 19. Bf5 Bxf5 20. Qxf5 Bd2 21. Re2 Bxc3
22. Bxc3 Rf7 23. Qg6 Qe7 24. f4 Nd7 25. Rfe1 Rf6 26. Qh5 Raf8 27. fxe5 dxe5 28.
Bxe5 Nxe5 29. Qxe5 Qxe5 30. Rxe5 Rf2+ 31. Kh3 Rxa2 32. Rd1 1-0

[Event "Madrid-chT 2021"]
[Site "Madrid"]
[Date "2021.04.25"]
[Round "9.5"]
[White "Vazquez Torres, Adrian"]
[Black "Guillo Longares, Cecilia"]
[Result "1-0"]
[WhiteElo "2161"]
[BlackElo "2018"]
[PlyCount "69"]
[EventDate "2021.01.24"]
[EventType "team-tourn"]
[EventRounds "14"]
[EventCountry "ESP"]
[SourceTitle "Ajedrez en Madrid"]
[Source "lmi"]
[SourceDate "2021.01.23"]
[SourceVersion "1"]
[SourceVersionDate "2021.06.08"]
[SourceQuality "1"]
[WhiteTeam "Virgen de Atocha"]
[BlackTeam "San Sebastian de los Reyes"]
[WhiteTeamCountry "ESP"]
[BlackTeamCountry "ESP"]

1. e4 c5 2. Nf3 e6 3. d4 cxd4 4. Nxd4 Nc6 5. Be3 Nf6 6. Nc3 Bb4 7. Bd3 d5 8.
exd5 Nxd5 9. Nxc6 bxc6 10. Bd2 Nxc3 11. bxc3 Bd6 12. Qf3 Bd7 13. Be4 Qc7 14. g4
O-O 15. g5 f5 16. gxf6 Rxf6 17. Qd3 h6 18. Be3 Bf4 19. Bc5 Rd8 20. Be7 Rdf8 21.
Bxf6 Rxf6 22. Rd1 Qe5 23. Qd4 Be8 24. Qxe5 Bxe5 25. c4 Rf4 26. f3 Kf8 27. Ke2
Bh5 28. Ke3 c5 29. Rd7 Rh4 30. h3 Bd4+ 31. Kd3 Rf4 32. Rb1 Be5 33. Rbb7 Ke8 34.
Bc6 Bxf3 35. Re7+ 1-0

[Event "Madrid-chT 2021"]
[Site "Madrid"]
[Date "2021.04.25"]
[Round "9.6"]
[White "Santamaria Farran, Pablo"]
[Black "Yanes Crespo, Javier"]
[Result "1-0"]
[WhiteElo "1763"]
[BlackElo "1934"]
[PlyCount "43"]
[EventDate "2021.01.24"]
[EventType "team-tourn"]
[EventRounds "14"]
[EventCountry "ESP"]
[SourceTitle "Ajedrez en Madrid"]
[Source "lmi"]
[SourceDate "2021.01.23"]
[SourceVersion "1"]
[SourceVersionDate "2021.06.08"]
[SourceQuality "1"]
[WhiteTeam "San Sebastian de los Reyes"]
[BlackTeam "Virgen de Atocha"]
[WhiteTeamCountry "ESP"]
[BlackTeamCountry "ESP"]

1. c4 e6 2. Nf3 d5 3. b3 Nf6 4. g3 c5 5. Bg2 Nc6 6. Bb2 Be7 7. O-O O-O 8. e3 b6
9. d3 Bb7 10. Nbd2 Qc7 11. a3 Rfd8 12. Qe2 dxc4 13. Nxc4 b5 14. Nce5 Nxe5 15.
Bxe5 Qb6 16. Rfc1 Rac8 17. d4 cxd4 18. Rxc8 Rxc8 19. Bxd4 Bc5 20. Rc1 Rc7 21.
Qc2 Be4 22. Bxc5 1-0

[Event "Madrid-chT 2021"]
[Site "Madrid"]
[Date "2021.05.09"]
[Round "10.1"]
[White "Reyes Larena, Juan"]
[Black "Montoliu Cervero, Francisco"]
[Result "1/2-1/2"]
[WhiteElo "2443"]
[BlackElo "2409"]
[PlyCount "141"]
[EventDate "2021.01.24"]
[EventType "team-tourn"]
[EventRounds "14"]
[EventCountry "ESP"]
[SourceTitle "Ajedrez en Madrid"]
[Source "lmi"]
[SourceDate "2021.01.23"]
[SourceVersion "1"]
[SourceVersionDate "2021.06.08"]
[SourceQuality "1"]
[WhiteTeam "San Sebastian de los Reyes"]
[BlackTeam "Blanco y Negro"]
[WhiteTeamCountry "ESP"]
[BlackTeamCountry "ESP"]

1. e4 c5 2. Nf3 d6 3. Bc4 Nf6 4. d3 Nc6 5. c3 e6 6. Bb3 Be7 7. O-O O-O 8. Re1
e5 9. Nbd2 Be6 10. Bxe6 fxe6 11. Nf1 Kh8 12. Ng3 Rc8 13. d4 exd4 14. cxd4 cxd4
15. Nxd4 Nxd4 16. Qxd4 d5 17. Be3 Bc5 18. Qxc5 Rxc5 19. Bxc5 Re8 20. exd5 b6
21. Bd4 Qxd5 22. Bc3 Kg8 23. Rad1 Qc6 24. a3 Re7 25. h3 Rd7 26. Rxd7 Qxd7 27.
Ne4 Nd5 28. Be5 h6 29. Nc3 Qc6 30. Nxd5 exd5 31. Bc3 Qa4 32. Kh2 Qf4+ 33. Kg1
d4 34. g3 Qf6 35. Bd2 Qf3 36. Bf4 Qb3 37. Re7 d3 38. Rxa7 Qxb2 39. Rb7 b5 40.
Kg2 Qb3 41. Rb8+ Kf7 42. Be3 Qd5+ 43. Kg1 Ke7 44. h4 Kd7 45. Bd2 Kc7 46. Bf4+
Kc6 47. Rc8+ Kb6 48. Bd2 Qa2 49. Be3+ Kb7 50. Rc5 Qb3 51. Kg2 Qa4 52. Kh2 g6
53. Kg1 h5 54. Kh2 Qxa3 55. Rxb5+ Kc7 56. Rg5 Qa6 57. Rd5 Qc4 58. Rg5 Qe4 59.
Ra5 Kd6 60. Kg1 Ke6 61. Kh2 Qf3 62. Kg1 Qe4 63. Kh2 Qb4 64. Rg5 Kf7 65. Rd5 Qb3
66. Rd6 Qb1 67. Kg2 Qd1 68. Bg5 Qc2 69. Rd7+ Ke8 70. Rd8+ Kf7 71. Rd7+ 1/2-1/2

[Event "Madrid-chT 2021"]
[Site "Madrid"]
[Date "2021.05.09"]
[Round "10.2"]
[White "Taboas Rodriguez, Daniel"]
[Black "San Emeterio Cabanes, Jose Luis"]
[Result "1-0"]
[WhiteElo "2364"]
[BlackElo "2297"]
[PlyCount "64"]
[EventDate "2021.01.24"]
[EventType "team-tourn"]
[EventRounds "14"]
[EventCountry "ESP"]
[SourceTitle "Ajedrez en Madrid"]
[Source "lmi"]
[SourceDate "2021.01.23"]
[SourceVersion "1"]
[SourceVersionDate "2021.06.08"]
[SourceQuality "1"]
[WhiteTeam "Blanco y Negro"]
[BlackTeam "San Sebastian de los Reyes"]
[WhiteTeamCountry "ESP"]
[BlackTeamCountry "ESP"]

1. d4 b5 2. e4 Bb7 3. Bxb5 Bxe4 4. Nf3 Nf6 5. O-O e6 6. c4 Be7 7. Nc3 Bb7 8.
Bf4 O-O 9. Re1 d6 10. Ba4 Nbd7 11. Bc2 c5 12. dxc5 Nxc5 13. b4 e5 14. bxc5 exf4
15. Rb1 Rb8 16. c6 Bxc6 17. Rxb8 Qxb8 18. Rxe7 Qb2 19. Qd2 g6 20. Bb3 Qxd2 21.
Nxd2 Nd7 22. Nde4 Nc5 23. Nxc5 dxc5 24. Rxa7 Re8 25. Kf1 f3 26. gxf3 Bxf3 27.
Rc7 Re5 28. Bd1 Bh1 29. f3 Re3 30. Nd5 Ra3 31. Kf2 Rxa2+ 32. Be2 Bg2 1-0

[Event "Madrid-chT 2021"]
[Site "Madrid"]
[Date "2021.05.09"]
[Round "10.3"]
[White "Martinez Fernandez, Raul"]
[Black "Ballester Llagaria, Luis Eduardo"]
[Result "1-0"]
[WhiteElo "2141"]
[BlackElo "2313"]
[PlyCount "71"]
[EventDate "2021.01.24"]
[EventType "team-tourn"]
[EventRounds "14"]
[EventCountry "ESP"]
[SourceTitle "Ajedrez en Madrid"]
[Source "lmi"]
[SourceDate "2021.01.23"]
[SourceVersion "1"]
[SourceVersionDate "2021.06.08"]
[SourceQuality "1"]
[WhiteTeam "San Sebastian de los Reyes"]
[BlackTeam "Blanco y Negro"]
[WhiteTeamCountry "ESP"]
[BlackTeamCountry "ESP"]

1. e4 e6 2. d4 d5 3. Nc3 Nc6 4. Nf3 Nf6 5. e5 Ne4 6. Ne2 Bd7 7. Ng3 f5 8. h4
Na5 9. Nxe4 fxe4 10. Ng5 c5 11. f3 h6 12. Nh3 Be7 13. g3 O-O 14. fxe4 cxd4 15.
Qg4 Bb4+ 16. Kd1 dxe4 17. Bxh6 Qe7 18. a3 Bc5 19. b4 d3 20. Bg5 dxc2+ 21. Kxc2
Ba4+ 22. Kb1 Qd7 23. Bf6 Nb3 24. Ra2 Rf7 25. bxc5 Nd2+ 26. Ka1 Nb3+ 27. Kb1
Nd2+ 28. Ka1 Qd4+ 29. Rb2 Qxc5 30. Qxe6 Re8 31. Qd6 Qc1+ 32. Ka2 Rd7 33. Qb4
Nxf1 34. Qxa4 gxf6 35. Qxd7 Rxe5 36. Nf4 1-0

[Event "Madrid-chT 2021"]
[Site "Madrid"]
[Date "2021.05.09"]
[Round "10.4"]
[White "Alarcia Astiz, Carlos"]
[Black "Quevedo Marin, Manuel"]
[Result "1-0"]
[WhiteElo "2313"]
[BlackElo "2201"]
[PlyCount "71"]
[EventDate "2021.01.24"]
[EventType "team-tourn"]
[EventRounds "14"]
[EventCountry "ESP"]
[SourceTitle "Ajedrez en Madrid"]
[Source "lmi"]
[SourceDate "2021.01.23"]
[SourceVersion "1"]
[SourceVersionDate "2021.06.08"]
[SourceQuality "1"]
[WhiteTeam "Blanco y Negro"]
[BlackTeam "San Sebastian de los Reyes"]
[WhiteTeamCountry "ESP"]
[BlackTeamCountry "ESP"]

1. e4 e5 2. Nf3 Nc6 3. Bc4 Nf6 4. d3 Be7 5. O-O O-O 6. Re1 d6 7. c3 Kh8 8. Bb3
Ng8 9. d4 f5 10. d5 Na5 11. Bc2 f4 12. Nfd2 b6 13. Ba4 g5 14. b4 Nb7 15. Bc6
Rb8 16. Qa4 a5 17. Na3 g4 18. Nb5 g3 19. hxg3 fxg3 20. fxg3 Bg4 21. Nf1 Nf6 22.
Rb1 Nh5 23. Be3 Bg5 24. Qc2 Rxf1+ 25. Kxf1 Nxg3+ 26. Kg1 Bf4 27. Bxf4 exf4 28.
Qf2 Qh4 29. Qxf4 Kg8 30. Bd7 h5 31. Be6+ Kg7 32. Re3 Ne2+ 33. Rxe2 Rf8 34. Bf5
Qe7 35. Rf2 Nd8 36. Nd4 1-0

[Event "Madrid-chT 2021"]
[Site "Madrid"]
[Date "2021.05.09"]
[Round "10.5"]
[White "Reyes Peñas, Sebastian"]
[Black "Renteria Becerra, Jorge Elicer"]
[Result "0-1"]
[WhiteElo "2185"]
[BlackElo "2237"]
[PlyCount "150"]
[EventDate "2021.01.24"]
[EventType "team-tourn"]
[EventRounds "14"]
[EventCountry "ESP"]
[SourceTitle "Ajedrez en Madrid"]
[Source "lmi"]
[SourceDate "2021.01.23"]
[SourceVersion "1"]
[SourceVersionDate "2021.06.08"]
[SourceQuality "1"]
[WhiteTeam "San Sebastian de los Reyes"]
[BlackTeam "Blanco y Negro"]
[WhiteTeamCountry "ESP"]
[BlackTeamCountry "ESP"]

1. Nf3 d5 2. g3 c6 3. Bg2 Nf6 4. O-O Bf5 5. d3 h6 6. c4 e6 7. cxd5 exd5 8. Qb3
Nbd7 9. Nd4 Nc5 10. Qc2 Bh7 11. Bf4 Bd6 12. Bxd6 Qxd6 13. Nd2 O-O 14. N2f3 a5
15. b3 Ne6 16. Rfc1 Rfe8 17. a3 Nxd4 18. Nxd4 Qe5 19. Qc3 Ng4 20. h3 Nf6 21. b4
axb4 22. axb4 Bg6 23. b5 cxb5 24. Rxa8 Rxa8 25. Rb1 Ra4 26. e3 b4 27. Rxb4 Rxb4
28. Qxb4 Bxd3 29. Qxb7 Be4 30. Nc6 Qe8 31. Qb8 Qxb8 32. Nxb8 Kf8 33. Nc6 Ke8
34. f3 Bd3 35. Kf2 Bb5 36. Nd4 Bc4 37. Nf5 Bd3 38. Nd4 g6 39. Bf1 Bxf1 40. Kxf1
Ke7 41. Ke2 Kd6 42. Kd3 Nd7 43. g4 Ne5+ 44. Kc3 Nc4 45. Kd3 Ne5+ 46. Ke2 Nd7
47. f4 Nc5 48. Nf3 Ne4 49. Ne5 Ke6 50. Kf3 Nd2+ 51. Kg2 Nc4 52. Nc6 Nxe3+ 53.
Kf3 Nc4 54. Ke2 Kd7 55. Nd4 Kd6 56. Kd3 Kc5 57. Nb3+ Kb4 58. Nc1 Kc5 59. Nb3+
Kd6 60. Nd4 Nb2+ 61. Kc2 Na4 62. Nf3 Nc5 63. Kd2 Ne6 64. Ke3 Kc5 65. Ne5 d4+
66. Ke4 f6 67. Nxg6 Kc4 68. Nh4 d3 69. Nf3 Kc3 70. h4 Nd4 71. g5 Nxf3 72. gxf6
Nxh4 73. f5 d2 74. f7 d1=Q 75. f8=Q Qd4# 0-1

[Event "Madrid-chT 2021"]
[Site "Madrid"]
[Date "2021.05.09"]
[Round "10.6"]
[White "Hidalgo Duque, Carlos"]
[Black "Alfaya Marcelo, Roberto"]
[Result "1-0"]
[WhiteElo "2240"]
[BlackElo "2198"]
[PlyCount "97"]
[EventDate "2021.01.24"]
[EventType "team-tourn"]
[EventRounds "14"]
[EventCountry "ESP"]
[SourceTitle "Ajedrez en Madrid"]
[Source "lmi"]
[SourceDate "2021.01.23"]
[SourceVersion "1"]
[SourceVersionDate "2021.06.08"]
[SourceQuality "1"]
[WhiteTeam "Blanco y Negro"]
[BlackTeam "San Sebastian de los Reyes"]
[WhiteTeamCountry "ESP"]
[BlackTeamCountry "ESP"]

1. Nf3 Nf6 2. c4 c5 3. Nc3 Nc6 4. g3 g6 5. Bg2 Bg7 6. d4 cxd4 7. Nxd4 O-O 8.
O-O d6 9. Nxc6 bxc6 10. Bxc6 Rb8 11. Qa4 Qc7 12. Bf3 Bh3 13. Rd1 Rfc8 14. b3
Nd7 15. Nd5 Nb6 16. Nxc7 Nxa4 17. Nd5 Nc3 18. Nxe7+ Kf8 19. Nxc8 Nxd1 20. Ba3
Bxa1 21. Bxd6+ Ke8 22. Bxb8 Bxc8 23. Bxa7 Nc3 24. b4 Nxa2 25. b5 Nc1 26. c5 Nb3
27. e3 Bd4 28. exd4 Nxd4 29. Bd5 Nxb5 30. Bb8 Nd4 31. Be5 Ne6 32. Bd6 Kd7 33.
f4 Ba6 34. Kf2 Bb5 35. Ke3 Bc6 36. Ke4 h5 37. Bxc6+ Kxc6 38. Ke5 Kd7 39. Kf6
Nd8 40. f5 gxf5 41. Kxf5 Ne6 42. Kf6 Ke8 43. c6 Nd4 44. c7 Kd7 45. Kxf7 h4 46.
gxh4 Nf5 47. Bg3 Ne3 48. h5 Ng4 49. Kg7 1-0

[Event "Madrid-chT 2021"]
[Site "Madrid"]
[Date "2021.05.08"]
[Round "10.1"]
[White "Herrera, Irisberto"]
[Black "Pulvett Marin, Daniel Eduardo"]
[Result "1/2-1/2"]
[WhiteElo "2419"]
[BlackElo "2472"]
[PlyCount "35"]
[EventDate "2021.01.24"]
[EventType "team-tourn"]
[EventRounds "14"]
[EventCountry "ESP"]
[SourceTitle "Ajedrez en Madrid"]
[Source "lmi"]
[SourceDate "2021.01.23"]
[SourceVersion "1"]
[SourceVersionDate "2021.06.08"]
[SourceQuality "1"]
[WhiteTeam "Capablanca"]
[BlackTeam "Collado Villalba"]
[WhiteTeamCountry "ESP"]
[BlackTeamCountry "ESP"]

1. e4 e5 2. Nf3 Nc6 3. Bb5 Nf6 4. d3 Bc5 5. c3 O-O 6. O-O d6 7. Nbd2 Ne7 8. d4
exd4 9. cxd4 Bb6 10. Bd3 Bg4 11. h3 Bh5 12. Re1 c6 13. Qc2 h6 14. b3 Re8 15.
Bb2 Bg6 16. Rad1 Rc8 17. Nc4 Qc7 18. Ne3 1/2-1/2

[Event "Madrid-chT 2021"]
[Site "Madrid"]
[Date "2021.05.08"]
[Round "10.2"]
[White "Martin Duque, Jesus"]
[Black "Bolado Saez, Sergio"]
[Result "1-0"]
[WhiteElo "2432"]
[BlackElo "2335"]
[PlyCount "99"]
[EventDate "2021.01.24"]
[EventType "team-tourn"]
[EventRounds "14"]
[EventCountry "ESP"]
[SourceTitle "Ajedrez en Madrid"]
[Source "lmi"]
[SourceDate "2021.01.23"]
[SourceVersion "1"]
[SourceVersionDate "2021.06.08"]
[SourceQuality "1"]
[WhiteTeam "Collado Villalba"]
[BlackTeam "Capablanca"]
[WhiteTeamCountry "ESP"]
[BlackTeamCountry "ESP"]

1. e4 c5 2. Nf3 d6 3. d4 cxd4 4. Nxd4 Nf6 5. Nc3 a6 6. Qf3 g6 7. h3 Bg7 8. Bg5
Nbd7 9. O-O-O Qa5 10. Qe3 O-O 11. Kb1 Re8 12. Be2 b5 13. Nd5 Bb7 14. Nb3 Qd8
15. h4 h5 16. g4 hxg4 17. h5 Ne5 18. hxg6 fxg6 19. Bh6 Bh8 20. Bf4 Nf7 21. Bd3
e6 22. Nc3 Nh5 23. Rdg1 Nxf4 24. Qxf4 Qf6 25. Qxg4 Ne5 26. Qh3 Bg7 27. f4 Nxd3
28. cxd3 Rac8 29. Qh7+ Kf7 30. Rh6 Rh8 31. Qxg6+ Qxg6 32. Rhxg6 Bf6 33. Ne2 Rh3
34. R6g3 Rh2 35. Re3 Bh4 36. Rf1 Bf2 37. Rf3 Bb6 38. Nbc1 a5 39. f5 e5 40. f6
Rg8 41. Rg3 Rg2 42. Rh3 Kg6 43. f7 Rf8 44. Rhf3 Bd8 45. Nc3 d5 46. Nb3 dxe4 47.
Nxe4 Bd5 48. Nbc5 Rxf7 49. Rxf7 Bxf7 50. Nd7 1-0

[Event "Madrid-chT 2021"]
[Site "Madrid"]
[Date "2021.05.08"]
[Round "10.3"]
[White "Tejedo Meneses, Alvaro"]
[Black "Quispe Arteaga, Gabriel"]
[Result "0-1"]
[WhiteElo "2037"]
[BlackElo "2386"]
[PlyCount "94"]
[EventDate "2021.01.24"]
[EventType "team-tourn"]
[EventRounds "14"]
[EventCountry "ESP"]
[SourceTitle "Ajedrez en Madrid"]
[Source "lmi"]
[SourceDate "2021.01.23"]
[SourceVersion "1"]
[SourceVersionDate "2021.06.08"]
[SourceQuality "1"]
[WhiteTeam "Capablanca"]
[BlackTeam "Collado Villalba"]
[WhiteTeamCountry "ESP"]
[BlackTeamCountry "ESP"]

1. e4 c5 2. Nf3 Nc6 3. d4 cxd4 4. Nxd4 Nf6 5. Nc3 e6 6. Ndb5 Bb4 7. a3 Bxc3+ 8.
Nxc3 d5 9. exd5 exd5 10. Bd3 d4 11. Ne4 Ng4 12. Bf4 O-O 13. O-O Nge5 14. Re1
Nxd3 15. cxd3 Bf5 16. Rc1 Bxe4 17. Rxe4 a5 18. Qb3 Qd7 19. h3 Rfe8 20. Rce1
Red8 21. Bg3 h6 22. Qb5 Kh7 23. Kh2 a4 24. R1e2 Ra5 25. Qc4 Rc8 26. Qa2 Rb5 27.
Qb1 Rb3 28. Qd1 Rf8 29. f3 Qd5 30. Rd2 f5 31. Re1 Rf7 32. Qe2 Re7 33. Qf1 Rd7
34. Qe2 Qf7 35. Qe6 Qxe6 36. Rxe6 Rd5 37. Rd6 Rxd6 38. Bxd6 Kg6 39. Kg3 Kf6 40.
Kf2 Ke6 41. Bg3 Kd5 42. Ke2 b5 43. Bh2 b4 44. axb4 Nxb4 45. g4 Nxd3 46. Rxd3
Rxb2+ 47. Rd2 a3 0-1

[Event "Madrid-chT 2021"]
[Site "Madrid"]
[Date "2021.05.08"]
[Round "10.4"]
[White "Suarez Uriel, Adrian"]
[Black "Porras Fernandez, Alberto"]
[Result "1-0"]
[WhiteElo "2364"]
[BlackElo "1919"]
[PlyCount "125"]
[EventDate "2021.01.24"]
[EventType "team-tourn"]
[EventRounds "14"]
[EventCountry "ESP"]
[SourceTitle "Ajedrez en Madrid"]
[Source "lmi"]
[SourceDate "2021.01.23"]
[SourceVersion "1"]
[SourceVersionDate "2021.06.08"]
[SourceQuality "1"]
[WhiteTeam "Collado Villalba"]
[BlackTeam "Capablanca"]
[WhiteTeamCountry "ESP"]
[BlackTeamCountry "ESP"]

1. e4 c5 2. Nf3 Nc6 3. d4 cxd4 4. Nxd4 Qc7 5. Nc3 e6 6. Qd3 Nf6 7. Ndb5 Qb8 8.
Qg3 d6 9. a4 Bd7 10. Be3 Ne5 11. Be2 a6 12. Nd4 Qc7 13. O-O Be7 14. Rad1 O-O
15. f4 Nc4 16. Bc1 Rfd8 17. b3 Na5 18. e5 Ne8 19. Ne4 Nc6 20. Bb2 dxe5 21. fxe5
Nxe5 22. Kh1 Rac8 23. c4 Ng6 24. Qf2 f5 25. Bh5 Nf8 26. Bxe8 Bxe8 27. Ng3 Bf6
28. Rde1 Bf7 29. Nf3 Nd7 30. Bxf6 Nxf6 31. Ne5 Rd6 32. Qe3 Qc5 33. Qe2 Rcd8 34.
Qf3 Qc7 35. h3 Be8 36. Qe3 Bc6 37. c5 Rd5 38. Nxc6 Qxc6 39. Qxe6+ Qxe6 40. Rxe6
Rxc5 41. Nxf5 Nh5 42. Kh2 g6 43. Nd6 Rc7 44. Ne4 Ng7 45. Nf6+ Kh8 46. Rb6 Nf5
47. Rf2 Rf7 48. Ne4 Kg8 49. g4 Nh6 50. Rxf7 Nxf7 51. Rxb7 Rd4 52. Nc5 Ne5 53.
Nxa6 Rd2+ 54. Kg3 g5 55. Nc5 Re2 56. a5 Re3+ 57. Kg2 Re2+ 58. Kf1 Ra2 59. a6
Nc6 60. b4 Ra1+ 61. Ke2 Ra2+ 62. Ke3 Ra3+ 63. Ke4 1-0

[Event "Madrid-chT 2021"]
[Site "Madrid"]
[Date "2021.05.08"]
[Round "10.5"]
[White "Matesanz Bonastre, Rafael"]
[Black "Ruiz Buendia, Miguel"]
[Result "0-1"]
[WhiteElo "1914"]
[BlackElo "2138"]
[PlyCount "100"]
[EventDate "2021.01.24"]
[EventType "team-tourn"]
[EventRounds "14"]
[EventCountry "ESP"]
[SourceTitle "Ajedrez en Madrid"]
[Source "lmi"]
[SourceDate "2021.01.23"]
[SourceVersion "1"]
[SourceVersionDate "2021.06.08"]
[SourceQuality "1"]
[WhiteTeam "Capablanca"]
[BlackTeam "Collado Villalba"]
[WhiteTeamCountry "ESP"]
[BlackTeamCountry "ESP"]

1. d4 Nf6 2. c4 e6 3. Nc3 Bb4 4. e3 b6 5. Nge2 O-O 6. a3 Bxc3+ 7. Nxc3 d5 8.
cxd5 exd5 9. g3 Re8 10. Bg2 Ba6 11. b4 Bc4 12. Ne2 c5 13. dxc5 bxc5 14. O-O Na6
15. Bd2 cxb4 16. axb4 Qe7 17. Re1 Nxb4 18. Bxb4 Qxb4 19. Nd4 a5 20. Qc2 Rec8
21. Reb1 Qc5 22. Qf5 a4 23. g4 Ne8 24. Qe5 Nd6 25. g5 Re8 26. Qf4 a3 27. h4 a2
28. Rc1 g6 29. h5 Ne4 30. Bxe4 Rxe4 31. Qf6 Rg4+ 32. Kh2 Qc8 33. Nf3 Ra6 34.
Qb2 Qf8 35. h6 f6 36. Rxc4 dxc4 37. Qb7 fxg5 38. Qd5+ Kh8 39. Qe5+ Rf6 40. Kh3
Qxh6+ 41. Kxg4 Qh5+ 42. Kg3 Qxf3+ 43. Kh2 Qxf2+ 44. Kh1 Qf5 45. Qb2 Qf3+ 46.
Kg1 Qg3+ 47. Kh1 Qf2 48. Qe5 Kg7 49. Rg1 Qh4+ 50. Kg2 Qg4+ 0-1

[Event "Madrid-chT 2021"]
[Site "Madrid"]
[Date "2021.05.08"]
[Round "10.6"]
[White "Cao Armillas, Jesus"]
[Black "Arroyo Fernandez, Francisco J"]
[Result "1-0"]
[WhiteElo "1976"]
[BlackElo "1768"]
[PlyCount "129"]
[EventDate "2021.01.24"]
[EventType "team-tourn"]
[EventRounds "14"]
[EventCountry "ESP"]
[SourceTitle "Ajedrez en Madrid"]
[Source "lmi"]
[SourceDate "2021.01.23"]
[SourceVersion "1"]
[SourceVersionDate "2021.06.08"]
[SourceQuality "1"]
[WhiteTeam "Collado Villalba"]
[BlackTeam "Capablanca"]
[WhiteTeamCountry "ESP"]
[BlackTeamCountry "ESP"]

1. d4 d6 2. Nf3 Bg4 3. c4 Nd7 4. Qb3 Rb8 5. h3 Bxf3 6. Qxf3 e5 7. Be3 Be7 8.
Nd2 c6 9. g4 Bg5 10. Bg2 Bxe3 11. Qxe3 Ngf6 12. dxe5 dxe5 13. Qxa7 O-O 14. Qe3
Re8 15. O-O Nf8 16. Rfd1 Qc7 17. Ne4 Nxe4 18. Qxe4 Ng6 19. e3 Rbd8 20. Bf3 Qe7
21. b3 Nh4 22. Be2 Qg5 23. Kh2 Ng6 24. Rxd8 Rxd8 25. Rd1 Rxd1 26. Bxd1 Qd8 27.
Bc2 Qd2 28. Kg2 Qe1 29. Kg3 Qa1 30. a4 Nf8 31. h4 g6 32. Kg2 Ne6 33. b4 Qb2 34.
c5 Nc7 35. Qd3 Nd5 36. b5 Nb4 37. Qb3 Qxc2 38. Qxb4 h5 39. bxc6 bxc6 40. gxh5
gxh5 41. Qb8+ Kh7 42. Qxe5 Qg6+ 43. Kh2 Qg4 44. Qf4 Qe6 45. Qg5 Qa2 46. Qxh5+
Kg8 47. Qg4+ Kh7 48. Qe4+ Kh6 49. Qxc6+ Kg7 50. Kg2 Qc4 51. Kg3 Qc3 52. Qd5 Kh7
53. Qxf7+ Kh8 54. Qe8+ Kh7 55. Qe4+ Kg8 56. Qd4 Qc1 57. Kg2 Qb1 58. Qc4+ Kg7
59. c6 Qg6+ 60. Kf1 Qb1+ 61. Ke2 Qb2+ 62. Kd1 Qxf2 63. c7 Qg1+ 64. Kc2 Qf2+ 65.
Kb3 1-0